Voltampérové charakteristiky supravodivých pások s lokálnym znížením kritického prúdu

Salvato in:
Dettagli Bibliografici
Autore principale: Godár, Michal (Autore)
Altri autori: Gömöry, Fedor (Relatore della tesi)
Natura: Manoscritto Libro
Lingua:slovacco
Pubblicazione: Bratislava : STU v Bratislave FEI, 2023
Soggetti:
Accesso online:https://opac.crzp.sk/?fn=detailBiblioFormChildC14DJ&sid=30EAE6FD1E2AFEEA10C7A01C8F40&seo=CRZP-detail-kniha
Tags: Aggiungi Tag
Nessun Tag, puoi essere il primo ad aggiungerne!!

MARC

LEADER 00000ntm a22000003a 4500
001 stuzp91268
003 SK-STU
005 20241125130707.5
007 ta
008 150427s2015----xo-----f-mn---000-0-slo-d
040 |a STU  |b slo 
041 0 |a slo 
044 |a xo 
100 1 |a Godár, Michal  |u 034000  |4 aut  |U FEI Fakulta elektrotechniky a informatiky  |T FEI Ústav elektrotechniky  |X 98088  |U E040  |Y 550  |7 98088 
242 0 1 |a Current-voltage characteristics of superconducting tapes with locally reduced critical current  |y eng 
245 1 0 |a Voltampérové charakteristiky supravodivých pások s lokálnym znížením kritického prúdu 
260 |a Bratislava :  |b STU v Bratislave FEI,  |c 2023 
300 |a 83 s. 
650 4 |a defekty v supravodivých páskach  |2 slo 
650 4 |a tepelný odtrh  |2 slo 
650 4 |a prúd tepelného odtrhu  |2 slo 
650 4 |a teplota odrthu  |2 slo 
650 4 |a defects in superconducting tapes  |2 eng 
650 4 |a hot spots  |2 eng 
650 4 |a thermal runaway  |2 eng 
700 1 |a Gömöry, Fedor  |4 ths  |X 16982  |7 A000016982 
856 4 |u https://opac.crzp.sk/?fn=detailBiblioFormChildC14DJ&sid=30EAE6FD1E2AFEEA10C7A01C8F40&seo=CRZP-detail-kniha